01545nam a2200337 a 4500001001000000003000500010005001700015008004100032010001100073011001100084040000900095090001000104100004700114245021500161260004100376500006000417502009800477590004000575590004000615590004000655650006000695650003800755650003600793856007000829901000700899942001000906942000600916999001900922952013100941952013501072000114650CHAP20220329144451.0180314s2017 mx a fsm |||||||spa d a111111 a112083 cCHAP aTesis1 aRamírez Rivera, Eduardo Efraín913488510aMétodo de aproximación para determinar aptitud ambiental para la higuerilla (Ricinus communis L.) en el Trópico Seco del Estado de Durango, México /h[En línea]cpor Eduardo Efraín Ramírez Rivera. aChapingo, Méx. :bEl autor,c2017. aPara ver el contenido del material haga clic en la liga aTesis (Ing. en Sistemas Agrícolas) -- UACH. Unidad Regional Universitaria de Zonas Áridas aE8697GMMb05c20180314lUCH01h1318 aE8697GMMb05c20180314lUCH01h1319 aE8697GMMb05c20180315lUCH01h090014aHiguerillaxEfecto del medio ambientezDurango.913489114aHiguerillaxEspaciamiento.95536714aHiguerillaxRendimiento.955369 aFinding aiduhttp://10.13.5.2/tesis/sist114650.pdfzTeclea aquí aBK cTESIS n0 c111111d111111 00104054718TESISaBCbBCd2018-03-14fTESISl0oTesisp114651-10r2019-12-31 00:00:00w2019-12-31yTESISzRecien adquirido 00102local4053708TESISaBCbBCcPA_TESISd2018-03-14fTESISl0oTesisp114651-20r2019-12-31 00:00:00tc.2w2019-12-31yTESIS